000 00668nam a22001577a 4500
003 OSt
005 20150920142257.0
008 150920b xxu||||| |||| 00| 0 eng d
040 _cRUA
082 _aAGR SUO 2009 B041 Or.1
100 _9937
_aSOUN, RATHA.
245 _acontrol of flea beetle on chinese kale under royal university of agriculture (ការគ្រប់គ្រងសត្វទៀកគូលើដំណាំខាត់ណាក្នុងល័ក្ខខ័ណ្ឌសាកលវិទ្យាល័យភូមិន្ទកសិកម្ម)
260 _aPhnom Penh
_bRUA
_c2009
300 _axii, 53p.
_bill.
_c29cm.
942 _2ddc
_cAGR
999 _c903
_d903